| 000 | 00878nam a22002297a 4500 | ||
|---|---|---|---|
| 005 | 20180320140422.0 | ||
| 010 | _a1718EN-30 ENG-122317 | ||
| 020 |
_a9780857503671 _c499.00 |
||
| 035 | _aEN-105849 | ||
| 035 | _aB-683689-705 | ||
| 037 |
_bBSB _adpl |
||
| 037 | _bDBAD/PUB | ||
| 082 | _a530.1092 | ||
| 100 | _aFerguson, Kitty | ||
| 245 |
_aStephen hawking his life and work : _cby Kitty Ferguson _bThe story and science of one of the most extraordinary, celebrated and courageous figurs of our time / |
||
| 260 |
_aLondon _bBantam Books _c2016 |
||
| 270 |
_a61-63, Uxbridge Road, _bLondon |
||
| 300 |
_a572p. _c19cm(pbk) |
||
| 500 | _aIncludes index | ||
| 942 |
_2ddc _cEN _mFER _h530.1092 |
||
| 999 |
_c145223 _d145223 |
||